000 00910nam a22002657a 4500
999 _c11808
_d11808
003 AR-CdUCM
008 190405b ||||| |||| 00| 0 spa d
040 _aMUNICIPALIDAD PROVINCIAL DEL CUSCO
_cBIBLIOTECA MUNICIPAL DEL CUSCO
082 _aES / 803.61 /
_bAN62
110 _aInstituto nacional de cultura
_99
245 _aAntología de cuentos en español /
260 _aCusco :
_bInstituto Nacional de Cultura,
_c2006.
300 _a85 paginas ;
_bIlustraciones, graficos, dibujos,
_c21 cm.
500 _aAntologia de cuentos
650 _aAntologia
_9142
650 _aCuentos
_9217
650 _aHistoria
_9136
650 _aTextos educativos
_910256
700 _aUgarte Valdivia, Pedro Rolando
_929357
700 _aDueñas Romero, Relgis
_929358
700 _aChalco Fernandez, Julio Cesar
_929359
700 _aCandia, Muriel Carlos
_91059
942 _2ddc
_cLIBROS
945 _apjha
_d2019-04-05